| 000 | 00663nam a22001937a 4500 | ||
|---|---|---|---|
| 999 |
_c3244 _d3244 |
||
| 003 | AR-CdUCM | ||
| 008 | 190306b ||||| |||| 00| 0 spa d | ||
| 040 |
_aMUNICIPALIDAD PROVINCIAL DEL CUSCO _cBIBLIOTECA MUNICIPAL DEL CUSCO |
||
| 082 |
_a335.4 / _bL45 |
||
| 100 |
_aLenin. V. I. _94963 |
||
| 245 | _aLa tercera internacional y su lugar en la historia / | ||
| 260 |
_aMoscu : _bEditorial Progreso, _c1919. |
||
| 300 |
_a49 páginas ; _c20 cm. |
||
| 505 | _aLos heroes de la internacional de Berna -- Las tareas de la III internacional. | ||
| 650 |
_aLenin. _92073 |
||
| 650 |
_aTercera internacional. _910837 |
||
| 942 |
_2ddc _cLIBROS |
||
| 945 |
_awfj _d2019-03-06 |
||